书目信息 |
| 题名: |
大学英语6级考试英语词汇黑白记忆
|
|
| 作者: | 王长喜 主编 ;长喜英语图书编委会 编 | |
| 分册: | ||
| 出版信息: | 北京 中国社会出版社 2006.10.01 |
|
| 页数: | 661页 | |
| 开本: | 19cm | |
| 丛书名: | ||
| 单 册: | ||
| 中图分类: | H313.1 | |
| 科图分类: | ||
| 主题词: | 英语 , 词汇 , 记忆术 , 英语--词汇--记忆术--高等学校--教学参考资料 | |
| 电子资源: | ||
| ISBN: | 7-5087-0118-6 | |
| 000 | 01058nam0 2200301 450 | |
| 001 | 1236837941 | |
| 005 | 20120215093553.01 | |
| 010 | @a7-5087-0118-6@dCNY17.80 | |
| 090 | @aH313@bwcx | |
| 096 | @aH313@bwcx | |
| 100 | @a20060124d2006 em y0chiy50 ea | |
| 101 | 0 | @achi@aeng |
| 102 | @aCN@b110000 | |
| 105 | @ay z 000yy | |
| 200 | 1 | @a大学英语6级考试英语词汇黑白记忆@b专著@f王长喜主编@g《长喜英语》图书编委会编@9da xue ying yu 6 ji kao shi ying yu ci hui hei bai ji yi |
| 210 | @a北京@c中国社会出版社@d2006.10.01 | |
| 215 | @a661页@d19cm | |
| 300 | @a长喜英语 | |
| 330 | @a本书把六级考试中重点词汇分为不认识的词和完全掌握的词,即黑词和白词,在两者之间建立联系,提高词汇的记忆效率。 | |
| 606 | 0 | @a英语 |
| 606 | 0 | @a词汇 |
| 606 | 0 | @a记忆术 |
| 606 | 0 | @a英语@x词汇@x记忆术@x高等学校@j教学参考资料 |
| 690 | @aH313.1@v4 | |
| 701 | 0 | @a王长喜@c(英语)@4主编@9wang chang xi |
| 712 | 02 | @a长喜英语图书编委会@4编@9chang xi ying yu tu shu bian wei hui |
| 801 | 0 | @aCN@b大连网信软件有限公司图书馆·11@c20120215 |
| 905 | @aZUCC@dH313.1@eW127 | |
| 大学英语6级考试英语词汇黑白记忆/王长喜主编/《长喜英语》图书编委会编.-北京:中国社会出版社,2006.10.01 |
| 661页;19cm |
| 长喜英语 |
| ISBN 7-5087-0118-6:CNY17.80 |
| 本书把六级考试中重点词汇分为不认识的词和完全掌握的词,即黑词和白词,在两者之间建立联系,提高词汇的记忆效率。 |
| ● |
| 相关链接 |
|
|
|
正题名:大学英语6级考试英语词汇黑白记忆
索取号:H313.1/W127
 
预约/预借
| 序号 | 登录号 | 条形码 | 馆藏地/架位号 | 状态 | 备注 |
| 1 | 481802 | 204818028 | 语言库209/209语言库 33排1列3层/ [索取号:H313.1/W127] | 在馆 | |
| 2 | 481803 | 204818037 | 语言库209/209语言库 33排1列3层/ [索取号:H313.1/W127] | 在馆 | |
| 3 | 482239 | 204822399 | 语言库209/209语言库 33排1列3层/ [索取号:H313.1/W127] | 在馆 |